Současné vývojové trendy ve vzdělání

Vzdelanie a etika - zlyhanie nemeckej intelektuálnej elity. Vzdelávanie v 21. storočí. Učiaca sa spoločnosť (knowledge society, learning society). Nástup a rozvoj informačných technológií. Informačná spoločnosť.

Saved in:
Bibliographic Details
Main Author: Cejpek, Jiří
Format: Book Chapter
Language:Czech
Subjects:
Tags: Add Tag
No Tags, Be the first to tag this record!

MARC

LEADER 00000naa$a2200000$$$4500
001 0027746
005 20230928075530.9
041 0 |a cze 
044 |a SK 
245 1 0 |a Současné vývojové trendy ve vzdělání  |c Jiří Cejpek 
520 |a Vzdelanie a etika - zlyhanie nemeckej intelektuálnej elity. Vzdelávanie v 21. storočí. Učiaca sa spoločnosť (knowledge society, learning society). Nástup a rozvoj informačných technológií. Informačná spoločnosť. 
610 2 0 |a výchova 
610 2 0 |a vzdelávanie 
610 2 0 |a vzdelanie 
610 2 0 |a problémy globálne 
610 2 0 |a spoločnosť 
610 2 0 |a spoločnosť informačná 
610 2 0 |a spoločnosť globálna 
610 2 0 |a technológie informačné 
610 2 0 |a vízie 
610 2 0 |a vývoj spoločenský 
100 1 |a Cejpek, Jiří